| 000 | 01491cam a22004097a 4500 | ||
|---|---|---|---|
| 003 | CHAP | ||
| 005 | 20220329142013.0 | ||
| 008 | 990120d1998 mx r 00110 spa d | ||
| 010 | _a76914 | ||
| 011 | _a77886 | ||
| 035 | _a87638 | ||
| 040 | _cCHAP | ||
| 090 | _aTesis | ||
| 100 | 0 | 0 |
_aAragon Lopez, Rolando. _96441 |
| 245 | 1 | 3 |
_aLa producción de hortalizas en los valles altos de México : _bcaso tomate verde (Physalis ixocarpa Brot.) _c/por Rolando Aragón López |
| 260 |
_aChapingo, Méx. : _bEl autor, _c1998. |
||
| 300 | _a114 h. | ||
| 502 | _aTesis (Ing. Agr. esp. en Fitotecnia) -- UACH. Departamento de Fitotecnia | ||
| 590 |
_aALEPH _b10 _c20130110 _lUCH01 _h1427 |
||
| 590 |
_aBATCH-UPD _b10 _c20130110 _lUCH01 _h0250 |
||
| 590 |
_aBATCH-UPD _b10 _c20130110 _lUCH01 _h1118 |
||
| 590 |
_aBATCH-UPD _b10 _c20130409 _lUCH01 _h2321 |
||
| 590 |
_aBATCH-UPD _b10 _c20130914 _lUCH01 _h2049 |
||
| 590 |
_aCONVERSION _b10 _c20130109 _lUCH01 _h1342 |
||
| 650 | 1 | 4 |
_aTomate verde _xRendimiento. _9113834 |
| 650 | 1 | 4 |
_aTomate verde _zHidalgo. _9113844 |
| 650 | 1 | 4 |
_aTomate verde _zMéxico. _9113845 |
| 650 | 1 | 4 |
_aTomate verde _zMorelos. _9113847 |
| 650 | 1 | 4 |
_aTomate verde _zPuebla. _9113849 |
| 650 | 1 | 4 |
_aTomate verde _zTlaxcala. _9113850 |
| 901 | _aBK | ||
| 905 | _aAlejandra Carrasco M. | ||
| 942 | _cFOLL | ||
| 949 |
_bBC _cTES _d33724000708848 _eTS2 _fc.2 _h33465 _i87638 _si |
||
| 949 |
_bBC _cTES _d33724000759403 _eTS2 _fc.3 _h35078 _i87638 _si |
||
| 949 |
_bBC _cTES _d876381 _eTS1 _h33464 _i87638 _sb |
||
| 999 |
_c76914 _d76914 |
||